The Mediterranean and the mediterranean world in the age of Philip II
Αποθηκεύτηκε σε:
| Κύριος συγγραφέας: | |
|---|---|
| Άλλοι συγγραφείς: | |
| Μορφή: | Βιβλίο |
| Γλώσσα: | English |
| Δημοσίευση: |
London :
Harper Collins Publishers,
c1992.
|
| Θέματα: | |
| Ετικέτες: |
Προσθήκη ετικέτας
Δεν υπάρχουν, Καταχωρήστε ετικέτα πρώτοι!
|
MARC
| LEADER | 00000nam a2200000 i 4500 | ||
|---|---|---|---|
| 001 | 1/24114 | ||
| 008 | 981126s1992####xxk || ||| | eng|| | ||
| 020 | |a 0-00-215943-0 | ||
| 035 | |l 10037018 | ||
| 040 | |a GR-MY-UA |b gre |e aacr | ||
| 041 | 0 | |a eng | |
| 082 | 0 | |a 909.09822 | |
| 100 | 1 | |a Braudel, Fernand. | |
| 245 | 1 | 4 | |a The Mediterranean and the mediterranean world in the age of Philip II / |c Fernand Braudel ; translated by Sian Reynolds ; abridged by Richard Ollard. |
| 260 | |a London : |b Harper Collins Publishers, |c c1992. | ||
| 300 | |a 690 σ. ; |b εικ. | ||
| 504 | |a Περιλαμβάνει βιβλιογραφία και ευρετήριο. | ||
| 500 | |a Μετάφραση του: Le Mediterranee et le monde mediterraneen al'epoque de Philippe II. | ||
| 650 | 0 | 0 | |a Human geography |z Mediterranean Region. |
| 651 | 0 | |a Mediterranean Region |x History. | |
| 700 | 1 | |a Reynolds, Sian, |e trl | |
| 852 | |a INST |b LESVOS |c BK |e 19981126 |h 909.09822 BRA |p 005100018012 |q 005100018012 |t BK |y 0 | ||
| 901 | |a BIBL-1998-3 | ||
| 909 | |a Λ |b 060311 | ||
| 922 | |a 1ΕΛΗ |b 199810 |c ΚΠΣ/ΤΓ |d ΠΑΠΑΣΩΤΗΡΙΟΥ | ||
| 950 | |a 118-1998-07-21 | ||